000 00532nam a2200205Ia 4500
003 GCL
008 140319s9999 xx 000 0 eng d
040 _aGCL /
_cGCL
082 0 4 _a741.9
_bM P
100 1 _aMYZEU, TOCYDAREMK
245 1 0 _aGRAPHIC XVIII - XX /
_cMYZEU, TOCYDAREMK
260 _a[S.N] :
_bARADEMIA ،
_c1958
650 0 4 _aرسومات فنية
650 0 4 _aاللوحات الفنية
650 0 4 _aرسم الاشخاص
650 0 4 _aARTS
650 0 4 _aGRAPHIC
650 0 4 _aART, RUSSIA
942 _2ddc
_cBK
999 _c20728
_d20728